Slovensko 002 obrazová správa o stave krajiny

Bibliographic Details
Main Authors: Ondzik, Jozef, 1964- (edi, Photographer), Kollár, Miro (Author), Taragel, Dušan, 1961- (Author)
Format: Book
Language:Slovak
PhysicalDescription:92 s. fotogr. 17 x 24 cm
Published: Bratislava Inštitút pre verejné otázky c2002
ISBN:8088935393
Edition:[1. vyd.]
Series:Slovensko v pohybe
Subjects:

MARC

LEADER 00000nam a2200000 a 4500
001 vtls001454919
003 SK-MaSNL
005 20260331204038.0
008 251113s2002 xo a 0 slo
015 |a SNBE2004/03-01454 
020 |a 8088935393 
035 |a SNK000410226 
040 |a SNK  |b slo  |c SNK  |e AACR2 
043 |a e-xo--- 
044 |a xo  |c SK 
072 7 |a 913(4)  |x Geografia Európy, reálie, cestovanie  |2 konspekt 
080 |a 77.03(437.6)(084)  |2 2. slo 
080 |a 77.039  |2 1981 
080 |a 908(437.6)  |2 1981 
080 |a (036)  |2 1981 
080 |a (084.12)  |2 1981 
100 1 |a Ondzik, Jozef,  |d 1964-  |4 pht  |4 edi  |9 214179 
245 1 |a Slovensko 002  |b obrazová správa o stave krajiny  |c [fotografie:] Jozef Ondzik ; [textová príloha: Miro Kollár, Dušan Taragel] 
250 |a [1. vyd.] 
260 |a Bratislava  |b Inštitút pre verejné otázky  |c c2002 
300 |a 92 s.  |b fotogr.  |c 17 x 24 cm 
490 1 |a Slovensko v pohybe 
504 |a Biogr. údaje s. 92 
650 0 7 |a dokumentárna fotografia  |2 SNK  |9 75934 
651 7 |a Slovensko  |2 SNKPHgeo  |9 14231 
655 7 |a informačné publikácie  |2 SNK  |9 70181 
655 7 |a obrazové publikácie  |2 SNK  |9 70343 
655 7 |a informačné publikácie  |2 SNKPH  |9 70181 
655 7 |a fotografické publikácie  |2 SNKPH  |9 70483 
655 7 |a phsnk  |2 SNK  |9 442120 
700 1 |a Kollár, Miro  |4 aut  |9 388567 
700 1 |a Taragel, Dušan,  |d 1961-  |4 aut  |9 105688 
830 0 |a Slovensko v pohybe  |9 266925 
919 |a 80-88935-39-3 
999 |c 697016  |d 698946 
952 |t P60, <03>, [BOOK], {603}  |a SNK  |b SNK  |y PREZ  |7 0  |p 17A0385854  |o snkSD 72997  |i snkKSP 7099/2003  |0 0  |1 0  |4 0  |d 2003-06-10  |l 0  |r 2025-11-20 00:00:00  |w 2026-02-23 
952 |t P60, <04>, [BOOK], {604}  |a SNK  |b SNK  |y VYP  |7 0  |p 17A0389024  |o snkSD 72997 D1  |i snkKSP 7905/2003  |0 0  |1 0  |4 0  |d 2003-07-04  |l 0  |r 2005-01-02 00:00:00  |w 2026-02-23